Ligue des Champions 2025 - Équipes de Football - Statistiques

Statistiques générales
  • Ce quiz a été pris 787 fois
  • Le résultat moyen est 28 sur 36
Statistiques - réponses
Chapeau Pays Équipe % Correct
Chapeau 1 Allemagne Bayern Munich
99%
Chapeau 1 France Paris Saint-Germain
98%
Chapeau 1 Espagne FC Barcelone
97%
Chapeau 1 Espagne Real Madrid
97%
Chapeau 1 Allemagne Borussia Dortmund
96%
Chapeau 1 Italie Inter Milan
96%
Chapeau 1 Angleterre Manchester City
96%
Chapeau 1 Angleterre Liverpool
91%
Chapeau 4 France AS Monaco
90%
Chapeau 3 France Lille OSC
90%
Chapeau 2 Italie AC Milan
89%
Chapeau 2 Italie Juventus Turin
89%
Chapeau 2 Espagne Atlético Madrid
87%
Chapeau 2 Angleterre Arsenal
86%
Chapeau 2 Portugal Benfica
86%
Chapeau 2 Allemagne Bayer Leverkusen
84%
Chapeau 4 France Stade Brestois
84%
Chapeau 3 Portugal Sporting CP
81%
Chapeau 3 Pays-Bas PSV Eindhoven
78%
Chapeau 3 Écosse Celtic Glasgow
76%
Chapeau 1 Allemagne RB Leipzig
75%
Chapeau 2 Belgique Club Brugge
73%
Chapeau 4 Angleterre Aston Villa
69%
Chapeau 3 Croatie Dinamo Zagreb
69%
Chapeau 2 Italie Atalanta Bergame
64%
Chapeau 4 Espagne Gérone
64%
Chapeau 3 Suisse Young Boys
64%
Chapeau 2 Ukraine Shakhtar Donetsk
61%
Chapeau 3 Autriche RB Salzbourg
60%
Chapeau 3 Pays-Bas Feyenoord
59%
Chapeau 3 Serbie Étoile Rouge de Belgrade
58%
Chapeau 4 Italie Bologne
55%
Chapeau 4 Allemagne Stuttgart
55%
Chapeau 4 Tchéquie Sparta Prague
50%
Chapeau 4 Slovaquie Slovan Bratislava
43%
Chapeau 4 Autriche Sturm Graz
38%
Aucun quiz correspondant
Distribution des résultats
% des personnes avec chaque résultat
Percentile par nombre de réponses
Votre historique - résultats
Vous n’avez pas pris ce quiz